000 00295nam a2200133Ia 4500
008 191201s2010 xx 000 0 und d
100 _aROSS,Stephen A
245 0 _aCorporate Finance
250 _aRep
260 _aN. delhi
_bTMH
_c2010
300 _a1105
650 _aMBA
942 _2ddc
_cBK
_02
999 _c5344
_d5344